000 00334nam a22001337a 4500
020 _a0074620835
082 _222
_a547.222
100 _aBansal, Raj K.
245 _aOrganic reaction mechanisms /
250 _a3rd.
260 _aNew Delhi,
_bTata McGraw HIll,
_cc2007.
300 _axiv, 611 p. ;
_bill. ;
_c23 cm.
942 _2ddc
_cMEC
999 _c2061
_d2061